01319nam a2200361 c 450000100060000000300100000600500170001600700030003300800410003602000180007704000350009504100130013008200220014310000160016524500980018125000180027926400570029730000500035433600270040433700330043133800280046450000420049252100530053453400310058754500600061865000460067865000460072465000550077065000560082570000320088170000210091370000230093459932CO-BoRNBP20251112152637.0ta210817s2015 sp a jr 000 0dspa d a9788425228568 aCO-BoRNBPbspaerdacCO-BoRNBP1 aspaheng04a746.092bA77b222 aAtsumieaut10aBordar en papel /cAtsumi, Minako Chiba y Mari Kamio ; traducción de Elena Fresco Barreira. a1a. edición 1aBarcelona, España :bEditorial Gustavo Gili,c2015 a119 páginas :bilustraciones, fotografías atextobtxt2rdacontent asin mediaciónbn2rdamedia avolumenbnc2rdacarrier aIncluye plantillas al final del texto aRecomendado para un público mayor de 15 años tJapanese paper embroidery aIncluye datos biográficos de los autores en la solapa07aBordadovManuales, vademécum, etc2lemb07aCosturavManuales, vademécum, etc2lemb07aLabores de agujavManuales, vademécum, etc2lemb07aTrabajos en papelvManuales, vademécum, etc2lemb aFresco Barreira, Elenaetrl aKamio, Marieaut1 aChiba, Minakoeaut